000 05581cam a2200829 i 4500
001 data
005 20260322212119.0
008 data
035 _a21699080
906 _a7
_bcbc
_ccopycat
_d2
_encip
_f20
_gy-gencatlg
925 0 _aacquire
_b1 shelf copy
_xpolicy default
010 _a 2020276051
020 _a9781946511492
_q(paperback)
020 _a1946511498
_q(paperback)
035 _a(OCoLC)1091005691
040 _aYDX
_beng
_cYDX
_erda
_dDLC
_dNRC
_dOCLCF
_dOBE
_dOCLCO
_dYDXIT
_dOCL
_dGUA
_dOCLCA
_dDLC
042 _alccopycat
050 0 0 _aPN51
_b.A465 2019
082 0 4 _a809/.93358
_223
245 0 0 _aAllies:
_ba project of Boston Review's Arts in Society Program /
_ceditors-in-chief, Deborah Chasman & Joshua Cohen.
264 1 _aCambridge, MA :
_bBoston Review,
_c[2019]
300 _a189 pages :
_billustration :
_c23 cm.
336 _atext
_btxt
_2rdacontent
337 _aunmediated
_bn
_2rdamedia
338 _avolume
_bnc
_2rdacarrier
490 0 _aBoston Review Forum ;
_v12 (44.4)
505 0 0 _gEditor's note /
_rVijay Iyer
_tAlly: from noun to verb /
_rSagit Emit -
_tTo the Fordham /
_rSamuel R. Delany -
_tWhen the climate changed/
_rSamuel R. Delany -
_tAll we remember will be forgotten/
_rJR Fenn -
_tMother, grow my baby /
_rSabrina Helen Li -
_tChapati recipe /
_rNoel Cheruto -
_tSay something /
_rTananarive Due -
_t& /
_rChristopher Kempf -
_tFrom: the kindreds /
_rMeredith Stricker -
_tFrom: Mass extinction /
_rSarah Vap -
_tAt the gates, Mikhail makes me a feast of rain and dirt /
_rHazem Fahmy -
_tThree poems /
_rC.X. Hua -
_tAgainst travel: a collaboration /
_rRachel Levitsky
_rSuzanne Goldenberg -
_tActivation instructions//Untitled 3D poem /
_rAmy Sara Carroll -
_t'Alams from the Black Horse Prision, Tripolic, circa 1981 /
_rKhaled Mattawa -
_tA request /
_rTess Liem -
_tAnother way to love this world /
_rAbdellah Taïa -
_tTranslation /
_rMattilda Bernstein Sycamore -
_tA brief history of the social justice ally /
_rMicki McElya -
_tThe privilege of the ally /
_rRigoberto González -
_tThe historian and the revolutionary /
_rWalter Johnson
_rTef Poe -
_tSolidarity through poetry /
_rMark Nowak -
_t"We cannot be the same after the Siege" /
_rRoderick Ferguson -
_tAlly: from noun to verb /
_rVijay Iyer
520 _aHow do we know who is on our side? Is it possible for someone who is not like us to share our same hopes? Can links forged by empathy or mutual interest match those created by shared experience? What can we gain from alliances that we cannot achieve on our own? These are difficult questions to answer even in intimate settings, and more so in arenas of cultural and political struggle. Through original poetry, fiction, and cultural criticism from renowned writers and newcomers, Allies will offer indispensable insights into issues of trust, bridge-building, difference, and betrayal. Drawing on the prophetic power of the imagination to conjure both the possible dangers and life-giving possibilities of alliances--be they political, private (such as marriage), therapeutic, or even aesthetic (between readers and writers, for example)--Allies will be indispensable reading for our times.
520 _aAllies is the first publication of Boston Review's newly inaugurated Arts in Society department. A radical revisioning of the magazine's poetry and fiction, the department unites them--along with cultural criticism and belles lettres--under a project that explores how the arts can speak directly to the most pressing political and civic concerns of our age, from growing inequality to racial and gender regimes, a disempowered electorate, and a collapsing natural world. -- Publisher's website
650 0 _aLiterature.
650 0 _aPolitics and literature.
650 7 _aLiterature.
_2fast
_0(OCoLC)fst00999953
650 7 _aPolitics and literature.
_2fast
_0(OCoLC)fst01069960
655 7 _aLiterature.
_2fast
_0(OCoLC)fst01921716
655 7 _aLiterature.
_2lcgft
700 1 _aMcGee, Adam,
_eeditor
700 1 _aPavlić, Ed,
_eeditor
700 1 _aShockley, Evie,
_eeditor
700 1 _aEmit, Sagit,
_econtributor
700 1 _aRegev, Yaron,
_etranslator
700 1 _aDelany, Samuel R.,
_econtributor.
700 1 _aLi, Sabrina Helen,
_econtributor
700 1 _aCheruto, Noel,
_econtributor
700 1 _aDue, Tananarive,
_d1966-
_econtributor
700 1 _aKempf, Christopher,
_econtributor.
700 1 _aStricker, Meredith,
_econtributor.
700 1 _aVap, Sarah,
_econtributor.
700 1 _aFahmy, Hazem,
_econtributor
700 1 _aHua, C.X.,
_econtributor
700 1 _aFenn, JR
_econtributor
700 1 _aLevitsky, Rachel,
_econtributor
700 1 _aGoldenberg, Suzanne,
_econtributor
700 1 _aCarroll, Amy Sara,
_econtributor
700 1 _aMattawa, Khaled,
_econtributor.
700 1 _aLiem, Tess,
_d1985-
_econtributor.
700 1 _aTaïa. Abdellah,
_econtributor
700 1 _aDeMarco, Amanda,
_etranslator.
700 1 _aSycamore, Mattilda Bernstein,
_econtributor.
700 1 _aMcElya, Micki,
_econtributor
700 1 _aGonzález, Roberto,
_econtributor
700 1 _aJohnson, Walter,
_einterviewee.
700 1 _aPoe, Tef,
_einterviewee
700 1 _aLyon, Mordecai,
_einterviewer
700 1 _aFerguson, Roderick,
_econtributor.
700 1 _aIyer, Vijay,
_einterviewee.
700 1 _aKelley, Robin D. G.,
_einterviewer.
710 2 _aFord Foundation,
_esponsor.
710 2 _aCameron Schrier Foundation,
_esponsor
710 2 _aVernon Oi,
_esponsor
830 0 _aForum (Cambridge, Mass.) ;
_v12.
999 _c1802
_d1802